000 01240nam a2200337 i 4500
001 70412
003 Mx-PuUPA
005 20230830190845.0
008 230829s2023 caua fr 000 0 eng d
020 _a9781098106393
040 _aMx-PuUPA
_bspa
_cMx-PuUPA
_dMx-PuUPA
_erda
041 0 _aeng
100 1 _aRackow, Rick,
_914746
_eautor
245 1 0 _aOperating openshift :
_ban SRE approach to managing infrastructure /
_cRick Rackow and Manuel Dewald
250 _aFirst edition /
_bnovember
264 1 _aSebastopol, CA :
_bO'Really Media,
_c©2023
300 _axii, 250 páginas :
_bilustraciones, diagramas, tablas ;
_c24 cm
336 _2rdacontent
_atexto
_btxt
337 _2rdamedia
_asin medio
_bn
338 _2rdacarrier
_avolumen
_bnc
650 7 _2armarc
_aIngeniería informática
_xGestión
650 7 _2armarc
_aConfiabilidad (Ingeniería)
650 7 _2armarc
_aCiberinfraestructura
_xGestión
650 7 _2armarc
_aComputación en la nube
700 1 _aDewald, Manuel,
_eautor
942 _2ddc
_cLI
_h004.6782
_iR118
999 _c70412
_d70412